000 00293nam a22001337a 4500
008 171009b xxu||||| |||| 00| 0 eng d
020 _a9781591471592
041 _aeng
080 _a159.9
100 _a49
101 _aPSI
245 _aGRADUATE STUDY IN PSYCHOLOGY
_cAPA
942 _2udc
_cBK
999 _c32592
_d32592